000 00332 a2200157 4500
001 173843
020 _a
040 _cMagnum
100 _aTelles, Carlos Queiroz
240 1 0 _aO agente meia meia miau
_lpor
245 1 0 _aO agente meia meia miau
362 0 _a1899
440 1 _aModerna
697 _aIJ/ANIMAIS
942 _cBK
999 _c173843
_d173843